000 01025 a2200241 4500
005 20080917154951.0
008 080917t xxu||||| |||| 00| 0 hin d
010 _aHIN-81787
020 _c100.00
_a818943120x
035 _aHN-54133
037 _bपु.प्र.अ.प्र/प्रका
082 _a821
100 _aगोयल ,रामगोपाल
245 _aगुलमोहर/
_cरामगोपाल गोयल
246 _aGulmohar
_bby Ramgopal Goyal
260 _aअजमेर
_bअतिनप्रकाशन
_c2008
270 _a59,शास्त्री नगर
_bअजमेर
_k0145 2421687
300 _a56पृ
_c22सेमी (सजिल्द)
650 _aहिन्दी कविताएँ
650 _aHindi Poems
942 _adpl
_cHN
_k821 / गोयल
_2ddc
_h821
_m गोयल
999 _c8977
_d8977